zpět

Detail výsledku týmu

Na Ostrově, Havlíčkův Brod

Datum a čas kvízu

25 Celkem bodů Celkový počet nahraných bodů na tomto kvízu bez doplňovacích otázek.
4. Pořadí na kvízu Konečné umístění týmu na tomto kvízu.

Zaznamenané odpovědi

# Otázka Odpověď Body Výsledky
1. V sobotu byla pro návštěvníky... Bohumil Hrabal, Kersko 1
2. Buckinghamský palác odhalil v... D) motýl 0
3. V úterý byl zahájen 77. ročník... v Cannes 1
4. Podnikatel Jan Čermák minulý t... TV Barrandov 0
5. Dvacetiletý atlet Tomáš Habart... D) na 3 000 m překážek 0
6. Bájného českého knížete Kroka,... Krakov 0
7. K Janu Žižkovi se váže jistá p... C 0
8. Přiřaďte k sobě dvojice hrdinů... 1B 2C 3D 4A 1
9. O hřbitovním kostele sv. Maří... Svatební košile 1
10. Pokud dokážete určit, co tento... Stadice 0